| 000 | 00987cam a22001814a 4500 | ||
|---|---|---|---|
| 005 | 20250605164344.0 | ||
| 008 | 250528s ||||||||||||||||||||||||d | ||
| 035 | _a23773 | ||
| 040 |
_aGR-AtMCL _bgre _dGR-AtMCL _eAACR2 |
||
| 245 | 1 | _aeHealth Seervice in Cloud Computing Infrastructures | |
| 260 | _c2016 | ||
| 300 | _a48 | ||
| 520 | _aIntroduction, Literature Review, Cloud Computing, Cloud Computing and Classification, Classification of E-Health Cloud Computing, Cloud Computing Suitable for Healthcare Applications, Safety Reference Model EHR, Secure Integration of EHR Model, Cryptography and Access Management, Signatures and Verification, Problems with e-Health Cloud Computing, Secure e-Health Infrastucture, Error Reporting Systems, Creating a Framework for Improving Patient Safety, Organizational Measures, Recommendations and Conclusions, General Conclusions, References. | ||
| 700 | 1 |
_aKoukoulis Kyriakos _99306 |
|
| 942 | _cDS | ||
| 999 |
_c8710 _d8710 |
||